[Event "SLO-ch"]
[Site "Maribor"]
[Date "1998.??.??"]
[Round "10"]
[White "Ivacic, Vladimir"]
[Black "Simic, Dragan"]
[Result "0-1"]
[WhiteElo "2295"]
[BlackElo "2280"]
[PlyCount "82"]
[EventDate "1998.??.??"]
[EventType "tourn"]
[EventRounds "13"]
[EventCountry "SLO"]
[EventCategory "6"]
[SourceTitle "EXT 1999"]
[Source "ChessBase"]
[SourceDate "1998.11.16"]
[SourceVersion "1"]
[SourceVersionDate "1998.11.16"]
[SourceQuality "1"]

1. c4 g6 2. g3 Bg7 3. Bg2 d6 4. Nc3 e5 5. e3 Ne7 6. Nge2 Nbc6 7. 0-0 0-0 8. d4 exd4 9. exd4 Nf5 10. d5 Ne5 11. b3 h5 12. h3 a6 13. a4 a5 14. Ra2 Nd7 15. Ne4 Nc5 16. Bg5 f6 17. Bc1 Re8 18. Nxc5 dxc5 19. Nf4 Kh7 20. Qd3 Ne7 21. Re2 f5 22. Rfe1 Bd7 23. Nxh5 gxh5 24. Bg5 Bf8 25. d6 cxd6 26. Qxd6 Nc8 27. Qd1 Qxg5 28. Qxd7+ Re7 29. Rxe7+ Nxe7 30. Bxb7 Ra7 31. Qc7 h4 32. Re3 f4 33. Rf3 Rxb7 34. Qxb7 hxg3 35. fxg3 Bg7 36. Qe4+ Ng6 37. h4 Qg4 38. Kg2 Kh6 39. Qc6 Kh5 40. Qxc5+ Be5 41. Kf2 fxg3+ 0-1

[Event "SLO-ch"]
[Site "Maribor"]
[Date "1998.??.??"]
[Round "12"]
[White "Ivacic, Vladimir"]
[Black "Zupe, Miran"]
[Result "0-1"]
[WhiteElo "2295"]
[BlackElo "2410"]
[PlyCount "94"]
[EventDate "1998.??.??"]
[EventType "tourn"]
[EventRounds "13"]
[EventCountry "SLO"]
[EventCategory "6"]
[SourceTitle "EXT 1999"]
[Source "ChessBase"]
[SourceDate "1998.11.16"]
[SourceVersion "1"]
[SourceVersionDate "1998.11.16"]
[SourceQuality "1"]

1. c4 c6 2. Nf3 d5 3. cxd5 cxd5 4. d4 Nf6 5. Nc3 Nc6 6. Bf4 Bf5 7. e3 e6 8. Bb5 Nd7 9. Qa4 Rc8 10. 0-0 a6 11. Bxc6 Rxc6 12. Rac1 Be7 13. a3 0-0 14. Qb3 Qa8 15. Bg5 Bd6 16. Bf4 Be7 17. Bg5 Bxg5 18. Nxg5 h6 19. Nf3 Rfc8 20. Na2 b5 21. Rxc6 Qxc6 22. Nb4 Qc4 23. Qxc4 bxc4 24. Nxa6 c3 25. Rc1 Rc6 26. Rxc3 Rxa6 27. Rc8+ Kh7 28. Rc7 Nf6 29. Ne5 Rb6 30. b4 Ra6 31. Rc3 Ne4 32. Rb3 Nd2 33. b5 Ra5 34. Rb4 Rxa3 35. f3 Ra7 36. b6 Rb7 37. Nc6 Nc4 38. Nd8 Rxb6 39. Rxb6 Nxb6 40. Nxf7 Kg8 41. Nd8 Nc4 42. g4 Bg6 43. Kf2 Bf7 44. e4 Na5 45. Ke3 Kf8 46. exd5 exd5 47. Kf4 Bg8 0-1

[Event "SLO-ch"]
[Site "Maribor"]
[Date "1998.??.??"]
[Round "9"]
[White "Jelen, Igor"]
[Black "Ivacic, Vladimir"]
[Result "1/2-1/2"]
[WhiteElo "2430"]
[BlackElo "2295"]
[PlyCount "72"]
[EventDate "1998.??.??"]
[EventType "tourn"]
[EventRounds "13"]
[EventCountry "SLO"]
[EventCategory "6"]
[SourceTitle "EXT 1999"]
[Source "ChessBase"]
[SourceDate "1998.11.16"]
[SourceVersion "1"]
[SourceVersionDate "1998.11.16"]
[SourceQuality "1"]

1. d4 Nf6 2. c4 g6 3. Nc3 d5 4. Nf3 Bg7 5. e3 c6 6. Be2 0-0 7. 0-0 Bg4 8. cxd5 Nxd5 9. h3 Bxf3 10. Bxf3 Nb6 11. a4 a5 12. Qc2 Na6 13. Rd1 e6 14. Bd2 Nd5 15. Qb3 Ndb4 16. Ne4 Qe7 17. Rac1 Rfd8 18. Bc3 Rac8 19. Be2 Rb8 20. Nd2 b6 21. Qa3 Bf8 22. Nf3 Qb7 23. Qb3 c5 24. Bb5 cxd4 25. Rxd4 Nc5 26. Qd1 Nd5 27. Ne5 Rbc8 28. Nd3 Ne4 29. Rc4 Ndxc3 30. bxc3 Bg7 31. Rxc8 Qxc8 32. Qb3 Nxc3 33. Rc2 Qc7 34. Bc4 Rc8 35. Ba6 Ra8 36. Bc4 Rc8 1/2-1/2

[Event "SLO-ch"]
[Site "Maribor"]
[Date "1998.??.??"]
[Round "7"]
[White "Mohr, Georg"]
[Black "Ivacic, Vladimir"]
[Result "1-0"]
[WhiteElo "2455"]
[BlackElo "2295"]
[PlyCount "61"]
[EventDate "1998.??.??"]
[EventType "tourn"]
[EventRounds "13"]
[EventCountry "SLO"]
[EventCategory "6"]
[SourceTitle "EXT 1999"]
[Source "ChessBase"]
[SourceDate "1998.11.16"]
[SourceVersion "1"]
[SourceVersionDate "1998.11.16"]
[SourceQuality "1"]

1. e4 c6 2. d4 d5 3. Nc3 dxe4 4. Nxe4 Bf5 5. Ng3 Bg6 6. Nh3 e6 7. Nf4 Qh4 8. Be3 Ne7 9. Qd2 Nf5 10. Nxf5 Bxf5 11. 0-0-0 Bd6 12. Be2 Nd7 13. Nh5 Rg8 14. Ng3 h6 15. Nxf5 exf5 16. g3 Qf6 17. Bd3 0-0-0 18. Qa5 f4 19. gxf4 Bxf4 20. Qxa7 Kc7 21. Qa5+ Nb6 22. Kb1 Rge8 23. Qd2 Nd5 24. Bxf4+ Nxf4 25. Bc4 b5 26. Bb3 Re2 27. Qa5+ Kb7 28. d5 Rd7 29. a4 bxa4 30. dxc6+ Qxc6 31. Bxa4 1-0